Statistiques concernant Box Office 2016 par images restreintes

Cliquez ici pour prendre le quiz!

Statistiques générales

  • Ce quiz a été pris 247 fois
  • Le résultat moyen est 9 sur 12

Statistiques - réponses

Réponse% Correct
Deadpool
97%
Rogue One : A Star Wars Story
95%
Vaiana : La Légende du bout du monde
94%
Le Monde de Dory
90%
Zootopie
89%
Les Tuche 2 : Le Rêve américain
87%
Les Animaux fantastiques
79%
Le Livre de la Jungle
77%
L'Âge de glace : Les Lois de l'Univers
74%
The Revenant
70%
Comme des bêtes
46%
Demain tout commence
15%

Distribution des résultats

Percentile par nombre de réponses

% des personnes avec chaque résultat

Votre développement - résultats

Vous n’avez pas pris ce quiz